Normal view MARC view
  • KULKARNI, DR. AMOL ANANTRAO AND GUPTA , NERAJ

Entry Personal Name

Number of records used in: 1

001 - CONTROL NUMBER

  • control field: 8530

003 - CONTROL NUMBER IDENTIFIER

  • control field: JRU

005 - DATE AND TIME OF LATEST TRANSACTION

  • control field: 20240918145515.0

008 - FIXED-LENGTH DATA ELEMENTS

  • fixed length control field: 240918|| aca||aabn | a|a d

040 ## - CATALOGING SOURCE

  • Original cataloging agency: JRU
  • Transcribing agency: JRU

100 ## - HEADING--PERSONAL NAME

  • Personal name: KULKARNI, DR. AMOL ANANTRAO AND GUPTA , NERAJ

670 ## - SOURCE DATA FOUND

  • Source citation: Work cat.: (JRU)8659: KULKARNI, DR. AMOL ANANTRAO AND GUPTA , NERAJ, PHARMACEUTICAL ORGANIC CHEMISTRY - III [B.PHARMA, 4TH SEMESTER]